[Event "HUN-chT BAZ megyei CSB 2223"]
[Site "Hungary"]
[Date "2023.04.16"]
[Round "9.9"]
[White "Banszky, Miklos"]
[Black "Solyom, Sandor"]
[Result "1/2-1/2"]
[WhiteElo "1799"]
[BlackElo "1678"]
[PlyCount "26"]
[EventDate "2022.09.25"]
[EventType "team-tourn"]
[EventRounds "9"]
[EventCountry "HUN"]
[SourceTitle "EXT 2025"]
[Source "ChessBase"]
[SourceDate "2024.10.14"]
[SourceVersion "1"]
[SourceVersionDate "2024.10.14"]
[SourceQuality "1"]
[WhiteTeam "Ozdi Sakk SE"]
[BlackTeam "Szirmabesenyo II"]
[WhiteTeamCountry "HUN"]
[BlackTeamCountry "HUN"]

1. e4 e6 2. d4 d5 3. exd5 exd5 4. Bd3 Bd6 5. Nc3 Be6 6. Qf3 Nc6 7. Nge2 Qf6 8. Qxf6 Nxf6 9. Bg5 Be7 10. a3 h6 11. Bf4 0-0-0 12. Nb5 Ne8 13. h3 g5 1/2-1/2

[Event "HUN-chT BAZ megyei CSB 2223"]
[Site "Hungary"]
[Date "2023.03.19"]
[Round "8.9"]
[White "Solyom, Sandor"]
[Black "Ujpal, Balint"]
[Result "1/2-1/2"]
[WhiteElo "1683"]
[BlackElo "1790"]
[PlyCount "58"]
[EventDate "2022.09.25"]
[EventType "team-tourn"]
[EventRounds "9"]
[EventCountry "HUN"]
[SourceTitle "EXT 2025"]
[Source "ChessBase"]
[SourceDate "2024.10.14"]
[SourceVersion "1"]
[SourceVersionDate "2024.10.14"]
[SourceQuality "1"]
[WhiteTeam "Szirmabesenyo II"]
[BlackTeam "Miskolc KisBocsok"]
[WhiteTeamCountry "HUN"]
[BlackTeamCountry "HUN"]

1. d4 Nf6 2. Nf3 d5 3. c4 e6 4. Bg5 Be7 5. Nc3 0-0 6. e3 Nbd7 7. Be2 dxc4 8. Bxc4 c5 9. dxc5 Nxc5 10. 0-0 b6 11. Qc2 Bb7 12. Rfd1 Qc8 13. Be2 Nce4 14. Rac1 Nxg5 15. Nxg5 Qc5 16. Nf3 Rac8 17. Qa4 Qa5 18. Qxa5 bxa5 19. Nd4 Nd5 20. Nxd5 Bxd5 21. a4 Bf6 22. f4 Bxd4 23. exd4 Bb3 24. Rxc8 Rxc8 25. Rd3 Bc2 26. Ra3 Rd8 27. Bb5 Rc8 28. Rc3 Rxc3 29. bxc3 Kf8 1/2-1/2

[Event "HUN-chT2 Barcza 2122"]
[Site "Hungary"]
[Date "2022.03.20"]
[Round "8.12"]
[White "Papp, Regina"]
[Black "Solyom, Sandor"]
[Result "0-1"]
[WhiteElo "1573"]
[BlackElo "1709"]
[PlyCount "54"]
[EventDate "2021.10.10"]
[EventType "team-tourn"]
[EventRounds "9"]
[EventCountry "HUN"]
[SourceTitle "EXT 2025"]
[Source "ChessBase"]
[SourceDate "2024.10.14"]
[SourceVersion "1"]
[SourceVersionDate "2024.10.14"]
[SourceQuality "1"]
[WhiteTeam "Nyiregyhaza VSC II"]
[BlackTeam "Szirmabesenyo"]
[WhiteTeamCountry "HUN"]
[BlackTeamCountry "HUN"]

1. e4 e6 2. d4 d5 3. Nc3 Bb4 4. e5 c5 5. a3 cxd4 6. axb4 dxc3 7. bxc3 Qc7 8. Nf3 Qxc3+ 9. Bd2 Qc7 10. Bd3 Nc6 11. Qe2 Nge7 12. 0-0 0-0 13. Rfe1 Nf5 14. c3 Nce7 15. Rac1 Bd7 16. Bb5 Bxb5 17. Qxb5 Nc6 18. Bf4 a5 19. Qe2 axb4 20. cxb4 Qb6 21. Rb1 Ra4 22. Bd2 Ncd4 23. Nxd4 Qxd4 24. Qd1 Ra2 25. Re2 Rc8 26. Kf1 h6 27. h3 Rcc2 0-1

[Event "HUN-chT BAZ megyei CSB 2122"]
[Site "Hungary"]
[Date "2022.03.06"]
[Round "8.8"]
[White "Solyom, Sandor"]
[Black "Verebelyi, Mate"]
[Result "1/2-1/2"]
[WhiteElo "1695"]
[BlackElo "1743"]
[PlyCount "164"]
[EventDate "2021.10.17"]
[EventType "team-tourn"]
[EventRounds "9"]
[EventCountry "HUN"]
[SourceTitle "EXT 2025"]
[Source "ChessBase"]
[SourceDate "2024.10.14"]
[SourceVersion "1"]
[SourceVersionDate "2024.10.14"]
[SourceQuality "1"]
[WhiteTeam "Szirmabesenyo II"]
[BlackTeam "Ozdi Sakk SE"]
[WhiteTeamCountry "HUN"]
[BlackTeamCountry "HUN"]

1. d4 Nf6 2. Nf3 g6 3. c4 Bg7 4. Nc3 d6 5. Bg5 h6 6. Bxf6 Bxf6 7. e3 Nc6 8. a3 a5 9. Be2 0-0 10. 0-0 e5 11. Ne4 Bg7 12. d5 Ne7 13. Rb1 f5 14. Ng3 g5 15. Qc2 Ng6 16. b3 g4 17. Nd2 Nh4 18. c5 f4 19. Nh5 f3 20. Bd3 fxg2 21. Rfc1 Qg5 22. Nxg7 Qxg7 23. Ne4 Bf5 24. cxd6 Bxe4 25. Bxe4 cxd6 26. Bxg2 Nf3+ 27. Kh1 Rf7 28. Bxf3 Rxf3 29. Rg1 Raf8 30. Rbf1 h5 31. Qe2 Qf7 32. Rg2 Qxd5 33. Qc2 Kg7 34. Kg1 R8f7 35. Rd1 Qe6 36. Qd2 R7f6 37. Qxa5 Qxb3 38. Qc7+ Kg6 39. Qc1 Qf7 40. Qb1+ Kg7 41. Qb2 Qd7 42. Qxe5 Qf5 43. Qb2 Kg6 44. Rd2 Rxe3 45. Qc1 Rd3 46. Rxd3 Qxd3 47. Rg3 Rf3 48. Rxf3 gxf3 49. h3 Qf5 50. Kh2 Qg5 51. Qxg5+ Kxg5 52. Kg3 h4+ 53. Kxf3 Kf5 54. a4 b6 55. Ke3 Ke5 56. Kd3 d5 57. Ke3 d4+ 58. Kd3 Kf4 59. Kxd4 Kf3 60. Kc4 Kxf2 61. Kb5 Kg3 62. Kxb6 Kxh3 63. a5 Kg2 64. a6 h3 65. a7 h2 66. a8Q+ Kg1 67. Qa1+ Kg2 68. Qb2+ Kg1 69. Qc1+ Kg2 70. Qd2+ Kg1 71. Qe1+ Kg2 72. Qe4+ Kg1 73. Qg4+ Kh1 74. Qd1+ Kg2 75. Qe2+ Kg1 76. Qg4+ Kh1 77. Qf3+ Kg1 78. Qd1+ Kg2 79. Qe2+ Kg1 80. Qe3+ Kg2 81. Qe2+ Kg1 82. Qxh2+ Kxh2 1/2-1/2

[Event "HUN-chT BAZ megyei CSB 2122"]
[Site "Hungary"]
[Date "2022.02.20"]
[Round "7.9"]
[White "Solyom, Sandor"]
[Black "Halmai, Attila"]
[Result "1/2-1/2"]
[WhiteElo "1700"]
[BlackElo "1509"]
[PlyCount "45"]
[EventDate "2021.10.17"]
[EventType "team-tourn"]
[EventRounds "9"]
[EventCountry "HUN"]
[SourceTitle "EXT 2025"]
[Source "ChessBase"]
[SourceDate "2024.10.14"]
[SourceVersion "1"]
[SourceVersionDate "2024.10.14"]
[SourceQuality "1"]
[WhiteTeam "Szirmabesenyo II"]
[BlackTeam "DVTK II"]
[WhiteTeamCountry "HUN"]
[BlackTeamCountry "HUN"]

1. d4 Nf6 2. Nf3 d5 3. c4 c6 4. cxd5 cxd5 5. Nc3 Nc6 6. Bg5 e6 7. a3 Be7 8. e3 0-0 9. Be2 a6 10. 0-0 h6 11. Bh4 b5 12. Qc2 Bb7 13. Rfc1 Rc8 14. Qd3 Na5 15. Qd1 Qb6 16. Ne5 Rfd8 17. Bh5 g6 18. Be2 Kg7 19. Bd3 Nc4 20. Bxc4 dxc4 21. Bxf6+ Bxf6 22. Ng4 Be7 23. f3 1/2-1/2

[Event "HUN-chT 1516 BAZ I Borbely"]
[Site "Hungary"]
[Date "2016.01.10"]
[Round "3"]
[White "Solyom, Sandor"]
[Black "Cseppely, Janos"]
[Result "1/2-1/2"]
[WhiteElo "1737"]
[BlackElo "1642"]
[PlyCount "38"]
[EventDate "2015.10.11"]
[EventType "team-tourn"]
[EventRounds "7"]
[EventCountry "HUN"]
[SourceTitle "EXT 2025"]
[Source "ChessBase"]
[SourceDate "2024.10.14"]
[SourceVersion "1"]
[SourceVersionDate "2024.10.14"]
[SourceQuality "1"]
[WhiteTeam "SSASSE II"]
[BlackTeam "Szerencs Varos"]
[WhiteTeamCountry "HUN"]
[BlackTeamCountry "HUN"]

1. d4 Nf6 2. Nf3 g6 3. c4 d6 4. Nc3 Bg7 5. Bg5 Bg4 6. e3 0-0 7. Be2 Nbd7 8. h3 Bxf3 9. Bxf3 c6 10. 0-0 Qb6 11. b3 Rad8 12. Qc2 Rfe8 13. Rac1 Qc7 14. b4 Rc8 15. a4 e5 16. d5 a6 17. Rfd1 c5 18. Qb3 b6 19. b5 a5 1/2-1/2

[Event "HUN-chT2 Barcza 1516"]
[Site "Hungary"]
[Date "2015.11.08"]
[Round "4.9"]
[White "Solyom, Sandor"]
[Black "Pinczes, Gyula"]
[Result "1/2-1/2"]
[WhiteElo "1728"]
[BlackElo "1830"]
[PlyCount "32"]
[EventDate "2015.09.13"]
[EventType "team-tourn"]
[EventRounds "11"]
[EventCountry "HUN"]
[SourceTitle "CBM 170 Extra"]
[Source "ChessBase"]
[SourceDate "2016.02.25"]
[SourceVersion "1"]
[SourceVersionDate "2016.02.25"]
[SourceQuality "1"]
[WhiteTeam "SSASSE"]
[BlackTeam "Nadudvar"]
[WhiteTeamCountry "HUN"]
[BlackTeamCountry "HUN"]

1. d4 d5 2. c4 c6 3. Nc3 Nf6 4. Bg5 Bf5 5. Bxf6 exf6 6. cxd5 Bb4 7. e3 Qxd5 8. Qb3 Bxc3+ 9. bxc3 Qxb3 10. axb3 0-0 11. Ne2 Nd7 12. Ng3 Bc2 13. b4 Nb6 14. Kd2 Bb3 15. Ne4 Bd5 16. Nd6 Rfb8 1/2-1/2

[Event "HUN-chT 1516 BAZ I Borbely"]
[Site "Hungary"]
[Date "2015.10.11"]
[Round "1"]
[White "Solyom, Sandor"]
[Black "Molnar, Gyula"]
[Result "0-1"]
[WhiteElo "1726"]
[BlackElo "1709"]
[PlyCount "84"]
[EventDate "2015.10.11"]
[EventType "team-tourn"]
[EventRounds "7"]
[EventCountry "HUN"]
[SourceTitle "EXT 2025"]
[Source "ChessBase"]
[SourceDate "2024.10.14"]
[SourceVersion "1"]
[SourceVersionDate "2024.10.14"]
[SourceQuality "1"]
[WhiteTeam "SSASSE II"]
[BlackTeam "Berentei Sakk Kor"]
[WhiteTeamCountry "HUN"]
[BlackTeamCountry "HUN"]

1. d4 Nf6 2. Nf3 d5 3. c4 c6 4. Nc3 Bf5 5. e3 Nbd7 6. cxd5 cxd5 7. Ne5 a6 8. g3 b5 9. Bg2 e6 10. Nxd7 Qxd7 11. 0-0 Rc8 12. a3 Be7 13. Bd2 0-0 14. Re1 a5 15. Na2 Bc2 16. Qe2 a4 17. Nc3 b4 18. axb4 Bxb4 19. Na2 Be7 20. Bc3 Bb3 21. Nc1 Bc4 22. Qc2 Ra8 23. e4 dxe4 24. Bxe4 Nxe4 25. Rxe4 Bd5 26. Re2 Bc6 27. Nd3 Qd5 28. f3 Qxf3 29. Rg2 Be4 30. Ne1 Qe3+ 31. Qf2 Bg5 32. Bb4 Rfc8 33. Ra3 Qc1 34. Bd2 Bxd2 35. Qxd2 Bxg2 36. Qf2 Bd5 37. h4 Rab8 38. Rc3 Rxc3 39. bxc3 Rb2 40. Qf1 Qxc3 41. Nd3 Rg2+ 42. Kh1 Rf2+ 0-1

[Event "HUN-chT2 Barcza 1516"]
[Site "Hungary"]
[Date "2015.09.13"]
[Round "1.10"]
[White "Molnar, Janos"]
[Black "Solyom, Sandor"]
[Result "1-0"]
[WhiteElo "1932"]
[BlackElo "1731"]
[PlyCount "95"]
[EventDate "2015.09.13"]
[EventType "team-tourn"]
[EventRounds "11"]
[EventCountry "HUN"]
[SourceTitle "CBM 170 Extra"]
[Source "ChessBase"]
[SourceDate "2016.02.25"]
[SourceVersion "1"]
[SourceVersionDate "2016.02.25"]
[SourceQuality "1"]
[WhiteTeam "Tiszavasvar"]
[BlackTeam "SSASSE"]
[WhiteTeamCountry "HUN"]
[BlackTeamCountry "HUN"]

1. d4 e6 2. Nf3 d5 3. c4 Nf6 4. Nc3 Be7 5. Bg5 h6 6. Bh4 dxc4 7. e3 Nd5 8. Bg3 Bb4 9. Qc2 b5 10. Be2 Bb7 11. 0-0 Bxc3 12. bxc3 c6 13. a4 Nd7 14. Bd6 N7b6 15. Be5 0-0 16. e4 Nf6 17. a5 Nbd7 18. Bd6 Re8 19. a6 Bc8 20. Rfb1 Qb6 21. Bxc4 Bxa6 22. Bd3 c5 23. dxc5 Qc6 24. Nd4 Qc8 25. Nxb5 Bxb5 26. Bxb5 Nxc5 27. Bxe8 Nxe8 28. Bxc5 Qxc5 29. Qd3 Nf6 30. Rb5 Qc6 31. f3 a6 32. Rba5 Nd7 33. Rxa6 Rxa6 34. Rxa6 Qb7 35. Rd6 Ne5 36. Qd4 Ng6 37. Qb6 Qxb6+ 38. Rxb6 Nf4 39. Rb8+ Kh7 40. Rc8 f5 41. g3 Nh3+ 42. Kg2 Ng5 43. h4 Nf7 44. Re8 fxe4 45. fxe4 e5 46. Kf3 Kg6 47. c4 Nd6 48. Re6+ 1-0

[Event "HUN-chT2 Barcza 1415"]
[Site "Hungary"]
[Date "2015.03.01"]
[Round "?"]
[White "Csorsz, Ferenc Jr"]
[Black "Solyom, Sandor"]
[Result "1/2-1/2"]
[WhiteElo "1934"]
[BlackElo "1741"]
[PlyCount "28"]
[EventDate "2014.09.07"]
[EventType "team-tourn"]
[EventRounds "11"]
[EventCountry "HUN"]
[SourceTitle "EXT 2016"]
[Source "ChessBase"]
[SourceDate "2015.10.08"]
[SourceVersion "1"]
[SourceVersionDate "2015.10.08"]
[SourceQuality "1"]
[WhiteTeam "Nyiregyhaza"]
[BlackTeam "Sajobabony"]
[WhiteTeamCountry "HUN"]
[BlackTeamCountry "HUN"]

1. e4 e6 2. Nf3 d5 3. exd5 exd5 4. d4 Bg4 5. Be2 Nf6 6. 0-0 Be7 7. Bf4 0-0 8. Ne5 Bxe2 9. Qxe2 c6 10. Re1 Re8 11. Nd2 Nbd7 12. g4 Nxe5 13. dxe5 Nd7 14. Qf3 Bg5 1/2-1/2

[Event "HUN-chT2 Barcza 1213"]
[Site "Hungary"]
[Date "2013.04.21"]
[Round "11.11"]
[White "Molnar, Laszlo"]
[Black "Solyom, Sandor"]
[Result "1-0"]
[WhiteElo "2186"]
[BlackElo "1702"]
[PlyCount "61"]
[EventDate "2012.09.16"]
[EventType "team-tourn"]
[EventRounds "11"]
[EventCountry "HUN"]
[SourceTitle "EXT 2014"]
[Source "ChessBase"]
[SourceDate "2013.11.20"]
[SourceVersion "1"]
[SourceVersionDate "2013.11.20"]
[SourceQuality "1"]
[WhiteTeam "Tiszavasvar"]
[BlackTeam "Sajoszentpeter"]
[WhiteTeamCountry "HUN"]
[BlackTeamCountry "HUN"]

1. e4 e6 2. d4 d5 3. exd5 exd5 4. c4 Be6 5. Nf3 c6 6. Qb3 Qe7 7. c5 Bg4+ 8. Be2 Bxf3 9. Qxf3 h6 10. 0-0 Nd7 11. Bf4 Qe4 12. Qxe4+ dxe4 13. Re1 Rd8 14. Nc3 g5 15. Bg3 f5 16. Bh5+ Ke7 17. Nxe4 fxe4 18. Rxe4+ Kf6 19. Bg4 Rh7 20. Re6+ Kf7 21. Rae1 Ngf6 22. Bf5 Rg7 23. a4 Nxc5 24. dxc5 Bxc5 25. Be5 Be7 26. Rxe7+ Kxe7 27. Bc7+ Kf8 28. Bxd8 Nd5 29. Re6 Rd7 30. Ba5 Nf4 31. Rf6+ 1-0

[Event "HUN-chT2 Barcza 1213"]
[Site "Hungary"]
[Date "2012.11.04"]
[Round "3.11"]
[White "Solyom, Sandor"]
[Black "Toth, Tamas"]
[Result "0-1"]
[WhiteElo "1702"]
[BlackElo "1946"]
[PlyCount "62"]
[EventDate "2012.09.16"]
[EventType "team-tourn"]
[EventRounds "11"]
[EventCountry "HUN"]
[SourceTitle "EXT 2014"]
[Source "ChessBase"]
[SourceDate "2013.11.20"]
[SourceVersion "1"]
[SourceVersionDate "2013.11.20"]
[SourceQuality "1"]
[WhiteTeam "Sajoszentpeter"]
[BlackTeam "Hajduboszormeny"]
[WhiteTeamCountry "HUN"]
[BlackTeamCountry "HUN"]

1. d4 d5 2. c4 c6 3. cxd5 cxd5 4. Nc3 Nf6 5. Bg5 e6 6. Nf3 a6 7. Ne5 Nbd7 8. Nxd7 Bxd7 9. Bxf6 Qxf6 10. a3 Rc8 11. e3 b5 12. Be2 Be7 13. 0-0 0-0 14. Qd2 Qg6 15. Rfc1 Bd6 16. Na2 Qh6 17. g3 f5 18. Qa5 Ra8 19. Nb4 f4 20. exf4 Rxf4 21. Qb6 Raf8 22. Rf1 Rh4 23. gxh4 Qf4 24. Qxd6 Qxd6 25. Nd3 Rf6 26. Ne5 Rf4 27. h5 Rxd4 28. Nf3 Rf4 29. b4 e5 30. Rfe1 e4 31. Nd4 Rh4 0-1

[Event "HUN-chT2 Barcza 0910"]
[Site "Hungary"]
[Date "2009.11.08"]
[Round "1.11"]
[White "Kozma, Adam"]
[Black "Solyom, Sandor"]
[Result "0-1"]
[WhiteElo "1743"]
[BlackElo "1743"]
[PlyCount "92"]
[EventDate "2009.11.08"]
[EventType "team-tourn"]
[EventRounds "11"]
[EventCountry "HUN"]
[SourceTitle "EXT 2011"]
[Source "ChessBase"]
[SourceDate "2010.11.26"]
[SourceVersion "1"]
[SourceVersionDate "2010.11.26"]
[SourceQuality "1"]
[WhiteTeam "Tiszavasvar"]
[BlackTeam "SSASSE"]
[WhiteTeamCountry "HUN"]
[BlackTeamCountry "HUN"]

1. e4 e6 2. Nf3 d5 3. e5 c5 4. d4 Nc6 5. Bb5 Bd7 6. Bxc6 bxc6 7. c3 cxd4 8. Qxd4 c5 9. Qg4 Bb5 10. b3 c4 11. b4 a5 12. Nd4 Qb8 13. Nxb5 Qxb5 14. Bd2 g6 15. a4 Qb8 16. b5 Qxe5+ 17. Qe2 Qxe2+ 18. Kxe2 Bh6 19. f4 Nf6 20. Be3 Ne4 21. Bd4 0-0 22. g3 Bg7 23. Ke3 Rfe8 24. Bxg7 Kxg7 25. Nd2 e5 26. Nxe4 exf4+ 27. Kxf4 Rxe4+ 28. Kf3 Rae8 29. Rad1 Re3+ 30. Kf2 Re2+ 31. Kf3 R8e3+ 32. Kg4 Rxc3 33. Rxd5 Rb3 34. Rc5 Rb4 35. Rc1 Rxa4 36. b6 Rb4 37. Rxa5 Rxb6 38. h4 h5+ 39. Kf3 Rd2 40. Ra7 Rd3+ 41. Kg2 Rb2+ 42. Kh1 Rf3 43. Rc7 Rbf2 44. Kg1 Rd2 45. R7xc4 Rxg3+ 46. Kf1 Rg4 0-1

[Event "HUN-chT2 Barcza 0809"]
[Site "Hungary"]
[Date "2009.04.19"]
[Round "11.11"]
[White "Solyom, Sandor"]
[Black "Hercsik, Timea Gabriella"]
[Result "1-0"]
[WhiteElo "1765"]
[BlackElo "1687"]
[PlyCount "127"]
[EventDate "2008.10.26"]
[EventType "tourn"]
[EventRounds "11"]
[EventCountry "HUN"]
[SourceTitle "EXT 2010"]
[Source "ChessBase"]
[SourceDate "2010.11.25"]
[SourceVersion "1"]
[SourceVersionDate "2010.11.25"]
[SourceQuality "1"]
[WhiteTeam "SSASSE"]
[BlackTeam "Kazincbarcika II"]
[WhiteTeamCountry "HUN"]
[BlackTeamCountry "HUN"]

1. d4 d5 2. c4 dxc4 3. Nc3 e6 4. Nf3 Nf6 5. Bg5 h6 6. Bxf6 Qxf6 7. e3 Bd6 8. Bxc4 0-0 9. 0-0 Nd7 10. Ne4 Qe7 11. Nxd6 Qxd6 12. Qd3 Nf6 13. a3 b6 14. e4 Qe7 15. Rac1 Bb7 16. Nd2 Rfd8 17. e5 Nd5 18. Qg3 Rac8 19. f4 Kh8 20. f5 exf5 21. Rxf5 Rf8 22. Rcf1 c5 23. Qf3 Rcd8 24. Rxf7 Rxf7 25. Qxf7 Qxf7 26. Rxf7 Bc6 27. e6 Re8 28. dxc5 bxc5 29. Rxa7 Rxe6 30. Ra5 Rg6 31. Rxc5 Nb6 32. g3 Na4 33. Re5 Nxb2 34. Bb5 Rd6 35. Bxc6 Rxc6 36. Nb3 Rc3 37. Rb5 Kg8 38. Nc5 Nc4 39. a4 Ra3 40. Rb4 Na5 41. Rb8+ Kf7 42. Ra8 Nc4 43. Rc8 Nb6 44. Rc7+ Ke8 45. Rxg7 Nxa4 46. Nxa4 Rxa4 47. Rg6 Ra1+ 48. Kg2 Ra2+ 49. Kh3 Kf7 50. Rxh6 Kg7 51. Re6 Ra5 52. Kh4 Ra4+ 53. g4 Ra5 54. g5 Ra2 55. h3 Ra4+ 56. Kh5 Ra3 57. h4 Ra7 58. Rg6+ Kf7 59. Kh6 Kf8 60. Rf6+ Kg8 61. g6 Ra4 62. h5 Ra8 63. Kg5 Ra5+ 64. Rf5 1-0

[Event "Bader Memorial op"]
[Site "Heves"]
[Date "2009.03.29"]
[Round "7"]
[White "Solyom, Sandor"]
[Black "Ionita, Gheorghe"]
[Result "1-0"]
[WhiteElo "1784"]
[BlackElo "1828"]
[PlyCount "91"]
[EventDate "2009.03.26"]
[EventType "swiss"]
[EventRounds "7"]
[EventCountry "HUN"]
[SourceTitle "EXT 2011"]
[Source "ChessBase"]
[SourceDate "2010.11.26"]
[SourceVersion "1"]
[SourceVersionDate "2010.11.26"]
[SourceQuality "1"]

1. d4 Nf6 2. c4 e6 3. Nc3 Bb4 4. Bg5 0-0 5. Nf3 d5 6. cxd5 exd5 7. g3 Qd6 8. Bxf6 Qxf6 9. Bg2 Nc6 10. a3 Bxc3+ 11. bxc3 Ne7 12. 0-0 Qh6 13. Qb3 Rb8 14. Ne5 c6 15. Rfe1 Ng6 16. Nxc6 Bh3 17. Nxb8 Rxb8 18. Bxh3 Qxh3 19. Qxd5 b5 20. Rab1 a6 21. a4 h5 22. Qg2 Qg4 23. axb5 axb5 24. e4 h4 25. gxh4 Qxh4 26. Qg3 Qd8 27. e5 Rb6 28. e6 Ne7 29. exf7+ Kxf7 30. Qf3+ Rf6 31. Qb7 Rg6+ 32. Kh1 Qd5+ 33. Qxd5+ Nxd5 34. Rxb5 Nxc3 35. Rb7+ Kg8 36. Rd7 Rg4 37. Rg1 Rf4 38. Rgxg7+ Kf8 39. Rh7 Kg8 40. Rhg7+ Kf8 41. Kg2 Ne2 42. d5 Rd4 43. Rh7 Kg8 44. Rhe7 Nf4+ 45. Kf3 Ng6 46. Rg7+ 1-0

[Event "HUN-chT2 Barcza 0809"]
[Site "Hungary"]
[Date "2009.03.08"]
[Round "9.10"]
[White "Fulop, Norbert"]
[Black "Solyom, Sandor"]
[Result "1/2-1/2"]
[WhiteElo "1986"]
[BlackElo "1765"]
[PlyCount "30"]
[EventDate "2008.10.26"]
[EventType "tourn"]
[EventRounds "11"]
[EventCountry "HUN"]
[SourceTitle "EXT 2010"]
[Source "ChessBase"]
[SourceDate "2010.11.25"]
[SourceVersion "1"]
[SourceVersionDate "2010.11.25"]
[SourceQuality "1"]
[WhiteTeam "Piremon"]
[BlackTeam "SSASSE"]
[WhiteTeamCountry "HUN"]
[BlackTeamCountry "HUN"]

1. e4 e6 2. d4 d5 3. Nd2 c5 4. exd5 Qxd5 5. Ndf3 Nc6 6. Ne2 cxd4 7. Nfxd4 Bc5 8. Be3 Bxd4 9. Nxd4 Nge7 10. Nb5 0-0 11. Qxd5 Nxd5 12. Bc5 Rd8 13. 0-0-0 b6 14. Ba3 a6 15. Nd6 b5 1/2-1/2

[Event "Eger Tel op"]
[Site "Eger"]
[Date "2009.02.01"]
[Round "6"]
[White "Csizmadia, Lajos"]
[Black "Solyom, Sandor"]
[Result "1-0"]
[WhiteElo "1954"]
[BlackElo "1784"]
[PlyCount "151"]
[EventDate "2009.01.29"]
[EventType "swiss"]
[EventRounds "7"]
[EventCountry "HUN"]
[SourceTitle "EXT 2011"]
[Source "ChessBase"]
[SourceDate "2010.11.26"]
[SourceVersion "1"]
[SourceVersionDate "2010.11.26"]
[SourceQuality "1"]

1. e4 e6 2. d4 b6 3. f4 Bb7 4. Bd3 f5 5. Qe2 d5 6. exf5 Qf6 7. Qxe6+ Qxe6+ 8. fxe6 c5 9. c3 Nc6 10. Be3 Nf6 11. Ne2 Ng4 12. Bd2 Bd6 13. h3 Nf6 14. f5 0-0-0 15. Bg5 Rdf8 16. Bxf6 Rxf6 17. Nd2 Ne7 18. g4 h5 19. 0-0-0 Rfh6 20. g5 R6h7 21. Rdf1 g6 22. f6 Nc6 23. Bxg6 Rc7 24. Bf5 Kd8 25. g6 Rg8 26. g7 Ba6 27. Rf2 Bxe2 28. Rxe2 cxd4 29. Bh7 Rgxg7 30. fxg7 Rxg7 31. Bf5 Rc7 32. Kb1 dxc3 33. bxc3 Ne7 34. Bc2 Rxc3 35. Rf1 Rxh3 36. Ree1 Ba3 37. Rh1 Rc3 38. Rxh5 a5 39. Ba4 Kc7 40. Ka1 Bb4 41. Nb1 Rc4 42. Rd1 Bc5 43. Bb3 Bd4+ 44. Rxd4 Rxd4 45. Nc3 Kc6 46. Rh7 Rd3 47. Rxe7 Rxc3 48. Ra7 Re3 49. e7 Kd6 50. Kb2 d4 51. Kc2 d3+ 52. Kd2 Rxe7 53. Rxe7 Kxe7 54. Kxd3 b5 55. Kd4 Kd6 56. Bg8 Kc6 57. Bf7 a4 58. Be8+ Kb6 59. Bd7 Ka5 60. Kc5 a3 61. Be6 Ka4 62. Bb3+ Ka5 63. Bc2 Ka6 64. Kb4 Kb6 65. Bd3 Kc6 66. Bxb5+ Kb6 67. Be2 Kc6 68. Kxa3 Kb6 69. Kb4 Kc6 70. a4 Kb6 71. a5+ Kc6 72. Bf3+ Kc7 73. Kc5 Kb8 74. Kb6 Kc8 75. a6 Kb8 76. a7+ 1-0